| 000 | 01234nam a2200229Ia 4500 | ||
|---|---|---|---|
| 003 | Ost | ||
| 005 | 20260507075317.0 | ||
| 008 | 260507s9999||||xx |||||||||||||| ||und|| | ||
| 040 | _cfsecg | ||
| 041 | _aara | ||
| 082 | _a515.35 | ||
| 100 |
_aخليل، رشدي _eمؤلف |
||
| 245 | 0 |
_aمقدمة في المعادلات التفاضلية / _c رشدي خليل |
|
| 250 | _aطبعة 2 | ||
| 260 |
_aعمان: _bدار المناهج للنشر والتوزيع, _c2008 |
||
| 300 |
_a318 صفحة؛ _bإيضاحات ؛ _c25 سم |
||
| 520 | _aأساسيات الجبر الخطي، المعادلات التفاضلية العادية من المرتبة الأولى و المعادلات التفاضلية الخطية، المعادلات الخطية من المرتبة الثانية ذات العلاقة الثابتة ، المعادلات الخطية من المراتب العليا ، تحويل لابلاس، الحل بالمتسلسلات، منظومة معادلات تفاضلية خطية و أخيرا تطبيقات للمعادلات مع الأجوبة | ||
| 653 | _aالجبر الخطي | ||
| 653 | _aالرياضيات | ||
| 653 | _aالمعادلات التفاضلية | ||
| 942 | _cكتاب | ||
| 999 |
_c43901 _d43901 |
||